Statistics for 1940s or not?

Click here to take the quiz!

General Stats

  • This quiz has been taken 47 times
  • The average score is 11 of 15

Answer Stats

QuestionAnswer% Correct
The Manhattan Project is active.1940s
93%
World War II begins.not 1940s
93%
The Olympics take place in Berlin.not 1940s
90%
The United Nations are established.1940s
88%
African America woman Rosa Parks refuses to give up her bus seat in Alabama.not 1940s
88%
"Citizen Kane" is released.1940s
79%
The State of Israel is founded.1940s
79%
British king Edward VIII. abdicates to marry American socialite Wallis Simpson.not 1940s
79%
Mustafa Kemal Atatürk becomes the first president of the Turkish republic.not 1940s
74%
China annexes Tibet.not 1940s
71%
Buddy Holly dies in a plane crash.not 1940s
71%
George Orwell publishes "1984".1940s
67%
Hawaii becomes the 50th US state.not 1940s
67%
Mahatma Gandhi is killed.1940s
50%
The bikini is introduced.1940s
45%

Score Distribution

Percentile by Number Answered

Percent of People with Each Score

Your Score History

You have not taken this quiz